Retrato en Sepia.

محفوظ في:
التفاصيل البيبلوغرافية
المؤلف الرئيسي: Allende, Isabel, 1942- (autora)
التنسيق: كتاب
اللغة:الإسبانية
منشور في: Buenos Aires, Argentina: Sudamericana, 2000.
الموضوعات:
الوسوم: إضافة وسم
لا توجد وسوم, كن أول من يضع وسما على هذه التسجيلة!

MARC

LEADER 00000nam a2200000 a 4500
001 UCN4933
003 CL-VaPUC
005 20241210105015.0
008 010817e20000000AG |||||||||||||||||spa|d
999 |c 296773  |d 296771 
020 |a 950-07-1886-3 
040 |c Pontificia Universidad Católica de Valparaíso 
082 0 4 |a Ch863 ALL 2000  |2 21 
100 |a Allende, Isabel,  |d 1942-  |e autora  |9 318389 
245 1 0 |a Retrato en Sepia. 
260 |a Buenos Aires, Argentina:  |b Sudamericana,  |c 2000. 
300 |a 343 páginas.  
500 |a c.2.Donación PIIE 2-12-2024 
583 |a last modification  |c 20010817 00:00:00  |k Rodrigo Vera 
650 0 |a Literatura chilena   |9 308278 
650 0 |a Novelas chilenas   |9 265425 
942 |c BK  |2 ddc 
945 |d 20010817 00:00:00  |a vberengu 
952 |0 0  |1 0  |4 0  |6 CH_863_000000000000000_ALL_2000  |7 0  |8 A  |9 350941  |a BIBEDU  |b BIBEDU  |c ES_NOD  |d 2019-11-20  |i 3749126  |o Ch863 ALL 2000  |p 3749126  |r 2023-08-09  |w 2019-11-20  |y BK  |k CUE 
952 |0 0  |1 0  |2 ddc  |4 0  |6 CH_863_000000000000000_ALL_2000  |7 0  |8 A  |9 598464  |a BIBGIM  |b BIBGIM  |d 2024-12-04  |e Donación  |i 5663539  |o Ch863 ALL 2000  |p 5663539  |r 2025-01-15  |t 2  |y BK  |k ELE